Fast Math Quiz - Statistics

General Stats
  • This quiz has been taken 3,418 times
    3,413 since last reset
  • The average score is 12 of 24
Answer Stats
Question Answer % Correct
12 x 5 60
98%
10 x 8 80
93%
9 x 3 27
88%
7 x 9 63
88%
6 x 7 42
83%
12 x 11 132
82%
20 x 6 120
81%
9 x 9 81
79%
9 x 11 99
74%
12 x 6 72
64%
11 x 10 110
63%
9 x 5 45
57%
14 x 3 42
43%
10 x 65 650
39%
6 x 9 54
33%
9 x 7 63
19%
5 x 8 40
17%
12 x 15 180
16%
10 x 7 70
15%
12 x 12 144
13%
13 x 3 39
11%
12 x 10 120
10%
8 x 8 64
9%
15 x 4 60
8%
No matching quizzes found
Score Distribution
Percent of People with Each Score
Percentile by Number Answered
Your Score History
You have not taken this quiz since the last reset